| 000 | 00609nam a22001697a 4500 | ||
|---|---|---|---|
| 003 | MACL | ||
| 005 | 20160402132034.0 | ||
| 008 | 160402b xxu||||| |||| 00| 0 eng d | ||
| 040 | _cMACL | ||
| 041 | _aHindi | ||
| 082 | _a323 | ||
| 100 |
_aडॉ महेन्द्र के मिश्रा _950031 |
||
| 245 | _aभारत में मानवाधिकार | ||
| 260 |
_aदिल्ली _bए आर एस पब्लिशर्स एण्ड डिस्ट्रीब्यूटर्स |
||
| 650 |
_aमानवाधिकार _949377 |
||
| 942 |
_2ddc _cHIN |
||
| 999 |
_c53684 _d53684 |
||